000 00506nam a22001697a 4500
005 20251108172103.0
008 250721s9999 xx 000 0 ara d
082 1 4 _a378.56055/حلق
245 1 0 _aحلقة نقاش حول الجامعات الخاصة الأردنية /
264 1 _aعمان :
_bالمركز الأردني للدراسات،
_c[19-].
300 _a18ص.
650 1 7 _aالكليات
650 1 7 _aالجامعات
650 1 7 _aالأردن
942 _2ddc
_cBK
999 _c70114
_d70114